Prénoms promo 2022-2023 - Statistiques

Statistiques générales
  • Ce quiz a été pris 154 fois
  • Le résultat moyen est 56 sur 344
Statistiques - réponses
Réponse % Correct
Léa
60%
Lou
60%
Léo
55%
Louis
55%
Emma
51%
Paul
51%
Julie
49%
Luc
49%
Jean
48%
Anna
45%
Pierre
43%
Louise
41%
Thomas
41%
Antoine
36%
Lucas
36%
Juliette
35%
Romain
35%
Théo
35%
Jules
32%
Elise
31%
Julien
31%
Lisa
31%
Alex
29%
Gabriel
29%
Lucie
29%
Manon
29%
Valentin
29%
Arthur
28%
Maxime
28%
Noah
28%
Tom
28%
Enzo
27%
Noé
27%
Pauline
27%
Clément
25%
Émilie
25%
Emilie
25%
Marin
25%
Sarah
25%
Alexis
24%
Axel
24%
Hugo
24%
Charlotte
23%
Jeanne
23%
Marine
23%
Victor
23%
Adrien
21%
Jade
21%
Kevin
21%
Raphaël
21%
Mathis
20%
Mattéo
20%
Alexandre
19%
Baptiste
19%
Martin
19%
Mohamed
19%
Adam
17%
Clémence
17%
Matthieu
17%
Nathan
17%
Nicolas
17%
Quentin
17%
Justine
16%
Mathieu
16%
Mathilde
16%
Bastien
15%
Mateo
15%
Evan
13%
Even
13%
Maëlle
13%
Robin
13%
Aurélien
12%
Elliot
12%
Marius
12%
Alexandra
11%
Benjamin
11%
Emile
11%
Guillaume
11%
Hélène
11%
Iris
11%
Kylian
11%
Liam
11%
Luna
11%
Mathias
11%
Rémi
11%
Arnaud
9%
Audrey
9%
Charles
9%
Estelle
9%
Etienne
9%
Lucile
9%
Pablo
9%
Rayan
9%
Téo
9%
Xavier
9%
Aline
8%
Colin
8%
Vincent
8%
Amaury
7%
Basile
7%
Esteban
7%
Lilian
7%
Mehdi
7%
Naël
7%
Rémy
7%
Thibault
7%
Timothée
7%
Tristan
7%
Yann
7%
Achille
5%
Benoît
5%
Caroline
5%
Cécile
5%
Elliott
5%
Gauthier
5%
Mélodie
5%
Paolo
5%
Stéphane
5%
Youssef
5%
Anas
4%
Anass
4%
Arturo
4%
Cyril
4%
Loïs
4%
Oriane
4%
Tanguy
4%
Thibaut
4%
Titouan
4%
Yohann
4%
Abla
3%
Arsan
3%
Augustin
3%
Cassandre
3%
Corentin
3%
Daniel
3%
Dorian
3%
Flavien
3%
Hassan
3%
Ismail
3%
Josselin
3%
Loris
3%
Ludovic
3%
Marwan
3%
Maximilien
3%
Méline
3%
Thaïs
3%
Théophane
3%
Yacine
3%
Yahya
3%
Yassine
3%
Zélie
3%
Adeline
1%
Andrew
1%
Anis
1%
Apolline
1%
Archibald
1%
Aymeric
1%
Brieuc
1%
Constance
1%
Dimitri
1%
Elias
1%
Elouan
1%
Emilien
1%
Eugénie
1%
Fayçal
1%
Gérald
1%
Ghazi
1%
Iheb
1%
Jean-Joseph
1%
Juliane
1%
Léopold
1%
Maxens
1%
Nawfal
1%
Octave
1%
Paul-Alexandre
1%
Philomène
1%
Pierre-Elie
1%
Soline
1%
Sylvain
1%
Thibaud
1%
Vivien
1%
Wissal
1%
Abdelbary
0%
Amira
0%
Anne-Laure
0%
Armel
0%
Aubin
0%
Belvigne
0%
Blanche
0%
Chiara
0%
Colette
0%
Dewi
0%
Douchka
0%
Edgar
0%
Eya
0%
Ferdinand
0%
Francesco
0%
Ilyane
0%
Imri
0%
Isis
0%
Jean-Paul
0%
Joachim
0%
Kinane
0%
Laurène
0%
Lénaïc
0%
Lorène
0%
Lorraine
0%
Lotfi
0%
Merlin
0%
Omar
0%
Pazanne
0%
Philibert
0%
Pierrot
0%
Qossay
0%
Safi
0%
Susie
0%
Tcheho Noune
0%
Ulysse
0%
Virgile
0%
Werner
0%
Yupeng
0%
Zaïd
0%
Aucun quiz correspondant
Distribution des résultats
% des personnes avec chaque résultat
Percentile par nombre de réponses
Votre historique - résultats
Vous n’avez pas pris ce quiz